000 00552nam a22002177a 4500
999 _c4062
_d4062
001 4062
003 BD-JhCC
005 20171122184713.0
008 171122s1965 cc ac||| |||| 000 0 eng d
035 _a(BD-JhCC)4062
040 _aBD-JhCC
_dBD-JhCC
041 _aeng
082 _a823.914
_bTIN 1965
100 _aTien-Yi, Chang
245 _aBig Lin and Little Lin /
_cChang Tien-Yi
260 _aChina :
_bForeign Language Press ,
_c1958.
300 _a157 p. :
_bill. ;
_c22 cm.
650 _aEnglish Stories
942 _2ddc
_cBK